Atlas electoral digital de Costa Rica: documentando las elecciones de la segunda república = Digital electoral atlas of Costa Rica: documenting elections of the second republic /
Hace referencia a la instauración del Atlas Electoral Digital de Costa Rica, que consiste en un sitio electrónico que recopila la información de la participación y resultados de las elecciones presidenciales y legislativas desde 1953 a 2010. Destaca la relevancia del análisis espacial del comportami...
Guardat en:
| Autor principal: | |
|---|---|
| Autor corporatiu: | |
| Format: | Actes de congresos |
| Matèries: | |
| Etiquetes: |
Afegir etiqueta
Sense etiquetes, Sigues el primer a etiquetar aquest registre!
|
MARC
| LEADER | 00000 a a2200000 04500 | ||
|---|---|---|---|
| 001 | 45110 | ||
| 003 | |||
| 040 | |||
| 100 | |a Ramírez Moreira, Olman | ||
| 245 | |a Atlas electoral digital de Costa Rica: documentando las elecciones de la segunda república = |b Digital electoral atlas of Costa Rica: documenting elections of the second republic / |c Olman Ramírez Moreira | ||
| 500 | |a olman.ramirez@ucr.ac.cr | ||
| 520 | |a Hace referencia a la instauración del Atlas Electoral Digital de Costa Rica, que consiste en un sitio electrónico que recopila la información de la participación y resultados de las elecciones presidenciales y legislativas desde 1953 a 2010. Destaca la relevancia del análisis espacial del comportamiento electoral así como los antecedentes del Atlas electoral. | ||
| 590 | |a AMB/MAYO2014 | ||
| 650 | |a ELECCIONES | ||
| 650 | |a INTERNET | ||
| 650 | |a COSTA RICA | ||
| 711 | |a Jornadas de Investigación Interdisciplinarias en Ciencias Sociales | ||
| 711 | |d 2011 30 de agosto-02 de setiembre : | ||
| 711 | |c San José, Costa Rica | ||
| 773 | |g Número Especial (2011), páginas 79-93: tablas, mapas | ||
| 999 | |c 23373 |d 23373 | ||
